The reconfiguration of is e-campaign practices in Korea: a case study of the presidential primaries of 2007 (Record no. 85737)

000 -LEADER
fixed length control field 00462pab a2200169 454500
008 - FIXED-LENGTH DATA ELEMENTS--GENERAL INFORMATION
fixed length control field 180718b2010 xxu||||| |||| 00| 0 eng d
100 ## - MAIN ENTRY--PERSONAL NAME
Personal name Lee, Yeon-Ok
245 ## - TITLE STATEMENT
Title The reconfiguration of is e-campaign practices in Korea: a case study of the presidential primaries of 2007
260 ## - PUBLICATION, DISTRIBUTION, ETC.
Date of publication, distribution, etc. 2010
300 ## - PHYSICAL DESCRIPTION
Extent p.29-53.
362 ## - DATES OF PUBLICATION AND/OR SEQUENTIAL DESIGNATION
Dates of publication and/or sequential designation Jan
650 ## - SUBJECT ADDED ENTRY--TOPICAL TERM
Topical term or geographic name entry element Elections
700 ## - ADDED ENTRY--PERSONAL NAME
Personal name Park, Han Woo
773 ## - HOST ITEM ENTRY
Main entry heading International Sociology
908 ## - PUT COMMAND PARAMETER (RLIN)
Put command parameter N
909 ## -
-- 85737
Holdings
Withdrawn status Lost status Damaged status Not for loan Permanent Location Current Location Date acquired Serial Enumeration / chronology Barcode Date last seen Price effective from Koha item type
        Indian Institute of Public Administration Indian Institute of Public Administration 2018-07-19 Volume no: 25, Issue no: 1 AR86197 2018-07-19 2018-07-19 Articles

Powered by Koha